Coupes du Monde de Football: Croatie - Statistiques

Statistiques générales
  • Ce quiz a été pris 195 fois
    132 depuis la dernière actualisation
  • Le résultat moyen est 16 sur 21
Statistiques - réponses
Réponse % Correct
France
100%
Angleterre
96%
Argentine
96%
Brésil
95%
Belgique
94%
Maroc
89%
Russie
88%
Pays-Bas
87%
Allemagne
86%
Japon
83%
Canada
80%
Italie
79%
Nigeria
78%
Danemark
77%
Mexique
76%
Cameroun
69%
Islande
66%
Australie
56%
Roumanie
45%
Equateur
34%
Jamaïque
29%
Aucun quiz correspondant
Distribution des résultats
% des personnes avec chaque résultat
Percentile par nombre de réponses
Votre historique - résultats
Vous n’avez pas pris ce quiz depuis la dernière actualisation